[Event "Mondiale Lampo FIDE 2022"]
[Site "Alma Ata"]
[Date "30.12.2022"]
[Round "13.84"]
[White "Amangeldy, Ernur"]
[Black "Postlmayer, Jakob"]
[Result "1/2-1/2"]
[BlackTitle ""]
[WhiteElo "2097"]
[BlackElo "2314"]
[WhiteFideId "13720244"]
[BlackFideId "1643622"]
[EventDate "29.12.2022"]

1. d4 Nf6 2. Bg5 d5 3. Bxf6 gxf6 4. e3 c5 5. dxc5 e6 6. c4 dxc4 7. Qxd8+ Kxd8 8.
Bxc4 Bxc5 9. Nc3 Ke7 10. Nf3 Nc6 11. a3 a6 12. b4 Ba7 13. Ke2 b5 14. Bd3 Bb7 15.
Rac1 f5 16. Rhd1 Rhd8 17. Bb1 h6 18. Rxd8 Rxd8 19. Rd1 Rxd1 20. Nxd1 Kd6 21. Bd3
Ne7 22. Nc3 Nd5 23. Kd2 Nxc3 24. Kxc3 f4 25. exf4 Bxf3 26. gxf3 Bxf2 27. Be4 1/2-1/2

[Event "Mondiale Lampo FIDE 2022"]
[Site "Alma Ata"]
[Date "30.12.2022"]
[Round "13.85"]
[White "Elier, Ali"]
[Black "Abdilkhair, Abilmansur"]
[Result "0-1"]
[BlackTitle ""]
[WhiteElo "2165"]
[BlackElo "2278"]
[WhiteFideId "16217543"]
[BlackFideId "13716417"]
[EventDate "29.12.2022"]

1. e4 c6 2. d4 d5 3. Nc3 dxe4 4. Nxe4 Nf6 5. Nxf6+ exf6 6. Bc4 Bd6 7. Be3 O-O 8.
Qh5 g6 9. Qh6 Nd7 10. O-O-O Nb6 11. Bd3 Re8 12. c4 Be6 13. b3 a5 14. Ne2 a4 15.
Nc3 axb3 16. axb3 Ra3 17. Kb2 Qa8 18. Ra1 Qa5 19. Bd2 Ra8 20. Ne4 Ra2+ 21. Rxa2
Qxa2+ 22. Kc1 Qa1+ 23. Bb1 Ba3+ 24. Kc2 Qb2+ 25. Kd3 Qxb3+ 26. Ke2 Bxc4+ 27. Ke1
Qxb1+ 28. Bc1 Bb4+ 29. Kd1 Qb3# 0-1

[Event "Mondiale Lampo FIDE 2022"]
[Site "Alma Ata"]
[Date "30.12.2022"]
[Round "13.86"]
[White "Tologon tegin, Semetei"]
[Black "Everett, Elijah"]
[Result "0-1"]
[WhiteTitle ""]
[WhiteElo "2394"]
[BlackElo "2202"]
[WhiteFideId "13800574"]
[BlackFideId "12973696"]
[EventDate "29.12.2022"]

1. Nf3 Nf6 2. g3 g6 3. b3 Bg7 4. Bb2 O-O 5. Bg2 d6 6. d4 b5 7. O-O Bb7 8. Nbd2
Nbd7 9. Re1 c5 10. c4 bxc4 11. Nxc4 Rb8 12. Rc1 Ne4 13. dxc5 Bxb2 14. Nxb2 Ndxc5
15. Nc4 Ba8 16. Qd4 e5 17. Qe3 f6 18. Red1 d5 19. Qh6 Qe7 20. Ncd2 d4 21. Nxe4
Nxe4 22. Rc2 Nc3 23. Rdc1 Be4 24. Rd2 Rbc8 25. Ne1 Bxg2 26. Kxg2 Qb7+ 27. Kg1
Qe4 28. f3 Qe3+ 29. Qxe3 dxe3 30. Rdc2 Nxe2+ 31. Rxe2 Rxc1 32. Rxe3 Rd8 33. Re2
Rdd1 34. Kf2 Kf7 35. Ng2 Rc3 36. Ne3 Rdc1 37. Rd2 Ke6 38. h4 f5 39. f4 exf4 40.
gxf4 Rh1 41. Kg2 Rxh4 42. Re2 Kf7 43. Nd5 Rg4+ 44. Kf2 Rd3 45. Re7+ Kf8 46. Rd7
Rxf4+ 47. Ke2 Rfd4 48. Rd8+ Kg7 49. Rd7+ Kh6 0-1

[Event "Mondiale Lampo FIDE 2022"]
[Site "Alma Ata"]
[Date "30.12.2022"]
[Round "13.87"]
[White "Akhilbay, Imangali"]
[Black "Suleimen, Ergali"]
[Result "0-1"]
[WhiteElo "2140"]
[BlackElo "2073"]
[WhiteFideId "13734857"]
[BlackFideId "13724452"]
[EventDate "29.12.2022"]

1. e4 c5 2. Nf3 Nc6 3. Nc3 e5 4. Bc4 g6 5. d3 h6 6. O-O Bg7 7. Be3 d6 8. Ne2
Nge7 9. Qd2 Bg4 10. c3 Bxf3 11. gxf3 Qd7 12. Kh1 Qh3 13. Ng1 Qh5 14. f4 O-O 15.
Qe2 Qh4 16. Nf3 Qh3 17. Ng1 Qd7 18. Bb3 exf4 19. Bxf4 Kh7 20. Bg3 d5 21. f4 c4
22. dxc4 dxe4 23. Qxe4 Nf5 24. Rad1 Qc7 25. Rfe1 Na5 26. Nf3 Nxb3 27. axb3 Rfe8
28. Qxe8 Rxe8 29. Rxe8 Qc6 30. Kg2 Qxe8 31. Re1 Qc6 0-1

[Event "Mondiale Lampo FIDE 2022"]
[Site "Alma Ata"]
[Date "30.12.2022"]
[Round "14.1"]
[White "Carlsen, Magnus"]
[Black "Rapport, Richard"]
[Result "1-0"]
[WhiteElo "2859"]
[BlackElo "2740"]
[PlyCount "141"]
[EventDate "2022.??.??"]

1. d4 e6 2. e4 d5 3. Nc3 Bb4 4. e5 c5 5. a3 Bxc3+ 6. bxc3 Qc7 7. h4 Ne7 8. h5
h6 9. Nf3 b6 10. Bb5+ Bd7 11. Bd3 c4 12. Be2 Ba4 13. Bf4 Na6 14. Qd2 O-O-O 15.
Nh2 Kb7 16. Nf1 Qd7 17. Ne3 Nc7 18. Kf1 Nc6 19. g3 Qe8 20. Kg2 Qg8 21. Rab1 Qh7
22. Bf3 Kb8 23. Qe2 Rc8 24. Rb2 Nb5 25. Nxd5 exd5 26. e6+ Kb7 27. exf7 Qf5 28.
Rb4 Nxb4 29. Qe7+ Ka6 30. Qxb4 Bxc2 31. a4 Nc7 32. Bxc7 Be4 33. Bf4 Bxf3+ 34.
Kxf3 Qe4+ 35. Kg4 Qxh1 36. Qb5+ Kb7 37. a5 Rhd8 38. a6+ Ka8 39. f8=Q Rxf8 40.
Qd7 Rxf4+ 41. gxf4 Qg2+ 42. Kh4 Qxf2+ 43. Kg4 Qg2+ 44. Kh4 g5+ 45. hxg6 Qh2+
46. Kg4 h5+ 47. Kf3 Qh1+ 48. Kf2 Qh4+ 49. Kf3 Qg4+ 50. Qxg4 hxg4+ 51. Kxg4 b5
52. f5 b4 53. f6 bxc3 54. f7 c2 55. g7 c1=Q 56. f8=Q Qg1+ 57. Kh5 Qh2+ 58. Kg6
Qg3+ 59. Kh6 Qh4+ 60. Kg6 Qg4+ 61. Kh6 c3 62. Qf7 Qh4+ 63. Kg6 Qe4+ 64. Kg5
Qe3+ 65. Kh5 Qe8 66. g8=Q Qe2+ 67. Qg4 Rh8+ 68. Kg5 Qe3+ 69. Kf6 Qh6+ 70. Ke7
Qc6 71. Qgg8+ 1-0

[Event "Mondiale Lampo FIDE 2022"]
[Site "Alma Ata"]
[Date "30.12.2022"]
[Round "14.3"]
[White "Artemiev, Vladislav"]
[Black "Dubov, Daniil"]
[Result "1-0"]
[WhiteElo "2701"]
[BlackElo "2708"]
[PlyCount "69"]
[EventDate "2022.??.??"]

1. d4 d5 2. Nf3 c5 3. c3 cxd4 4. cxd4 Nf6 5. Bf4 Nc6 6. Nc3 Bf5 7. Qb3 Na5 8.
Qa4+ Bd7 9. Qc2 e6 10. e3 Rc8 11. Bd3 Bb4 12. O-O O-O 13. Ne5 h6 14. Rac1 Be8
15. Qe2 Nc6 16. Qf3 Nxe5 17. Bxe5 Bc6 18. Qg3 Nh5 19. Qh3 Nf6 20. f4 Bxc3 21.
Rxc3 Ne4 22. Bxe4 dxe4 23. f5 f6 24. Bf4 exf5 25. Qxf5 Qd5 26. Qg6 Be8 27. Qg3
Rxc3 28. bxc3 Bb5 29. Bxh6 Rf7 30. Rxf6 Qxa2 31. h4 a5 32. Rg6 Kf8 33. Bxg7+
Ke8 34. Qb8+ Kd7 35. Rd6+ 1-0

[Event "Mondiale Lampo FIDE 2022"]
[Site "Alma Ata"]
[Date "30.12.2022"]
[Round "14.4"]
[White "Giri, Anish"]
[Black "Andreikin, Dmitry"]
[Result "1-0"]
[WhiteElo "2764"]
[BlackElo "2729"]
[PlyCount "78"]
[EventDate "2022.??.??"]

1. e4 e6 2. d4 d5 3. e5 c5 4. c3 Nc6 5. Nf3 Bd7 6. Be2 f6 7. Bb5 Qb6 8. a4 Nge7
9. dxc5 Qc7 10. exf6 gxf6 11. Na3 Bg7 12. Be3 a6 13. Be2 e5 14. O-O Rd8 15. b4
Bc8 16. b5 Na5 17. Rb1 Nf5 18. Qd2 O-O 19. Rfd1 Nxe3 20. Qxe3 e4 21. b6 Qc6 22.
Nd4 Qxc5 23. Nac2 Qd6 24. c4 f5 25. cxd5 Qxd5 26. Qc3 Qe5 27. Qc7 f4 28. h3 Qg5
29. Bg4 Bxg4 30. hxg4 Qxg4 31. f3 exf3 32. Nxf3 Rxd1+ 33. Rxd1 Qf5 34. Rd7 Bf6
35. Ncd4 Qe4 36. Kh2 Re8 37. Qc5 Nc6 38. Nxc6 bxc6 39. b7 Qe6 1-0

[Event "Mondiale Lampo FIDE 2022"]
[Site "Alma Ata"]
[Date "30.12.2022"]
[Round "14.5"]
[White "Moussard, Jules"]
[Black "Duda, Jan-Krzysztof"]
[Result "1-0"]
[WhiteElo "2676"]
[BlackElo "2731"]
[PlyCount "91"]
[EventDate "2022.??.??"]

1. e4 g6 2. d4 Bg7 3. Nf3 d6 4. Bc4 e6 5. O-O Ne7 6. Re1 a6 7. a4 b6 8. Bg5 h6
9. Bh4 Bb7 10. Nc3 Nd7 11. e5 dxe5 12. d5 exd5 13. Nxd5 g5 14. Bg3 O-O 15. h4
g4 16. Nh2 h5 17. Nf1 Nxd5 18. Bxd5 Bxd5 19. Qxd5 Nc5 20. Ne3 Re8 21. a5 Qf6
22. b4 Ne6 23. Qc6 bxa5 24. Rxa5 Nf4 25. Qxc7 Rad8 26. Qb7 Re6 27. c4 Rd2 28.
Nd5 Nxd5 29. cxd5 Rb6 30. Qc8+ Kh7 31. Rxe5 Qg6 32. Rg5 Qb1+ 33. Kh2 Rd1 34.
Qf5+ Qxf5 35. Rxf5 Rxb4 36. Rxh5+ Kg8 37. Rxa6 Bd4 38. Ra8+ Kg7 39. Rg5+ Kf6
40. Ra6+ Ke7 41. Bd6+ Kd7 42. Bxb4 Bxf2 43. Rxg4 Rxd5 44. Rf4 Be3 45. Rxf7+ Ke8
46. Re7+ 1-0

[Event "Mondiale Lampo FIDE 2022"]
[Site "Alma Ata"]
[Date "30.12.2022"]
[Round "14.7"]
[White "Madaminov, Mukhiddin"]
[Black "Fedoseev, Vladimir"]
[Result "1-0"]
[WhiteElo "2442"]
[BlackElo "2688"]
[PlyCount "75"]
[EventDate "2022.??.??"]

1. Nf3 Nf6 2. c4 c6 3. d4 d5 4. Nc3 a6 5. e3 g6 6. Be2 Bg7 7. O-O O-O 8. a4 a5
9. cxd5 Nxd5 10. e4 Nb4 11. Be3 Bg4 12. h3 Bxf3 13. Bxf3 Nd7 14. Be2 Qc7 15.
Qb3 Rad8 16. Rfd1 Nf6 17. Rac1 e6 18. e5 Nfd5 19. Bg5 f6 20. exf6 Bxf6 21. Bxf6
Rxf6 22. Ne4 Rf4 23. Nc5 Qf7 24. Bg4 Rxg4 25. hxg4 Rf8 26. Qg3 Nf4 27. Rd2 Nbd5
28. Re1 Kh8 29. Nd3 Qf6 30. Nxf4 Nxf4 31. Re5 Qe7 32. Rxa5 Qb4 33. Qc3 Qb6 34.
d5+ e5 35. Qxe5+ Kg8 36. d6 c5 37. Rxc5 Qb3 38. d7 1-0

[Event "Mondiale Lampo FIDE 2022"]
[Site "Alma Ata"]
[Date "30.12.2022"]
[Round "14.8"]
[White "Caruana, Fabiano"]
[Black "Harikrishna, Pentala"]
[Result "0-1"]
[WhiteElo "2766"]
[BlackElo "2715"]
[PlyCount "98"]
[EventDate "2022.??.??"]

1. e4 c5 2. Nf3 d6 3. d4 cxd4 4. Nxd4 Nf6 5. Nc3 a6 6. h3 e6 7. g4 h6 8. a3 Nc6
9. Bg2 Nxd4 10. Qxd4 e5 11. Qd3 Be7 12. f4 b5 13. Be3 Be6 14. f5 Bc4 15. Qd2 a5
16. b3 b4 17. bxc4 bxc3 18. Qxc3 Nd7 19. O-O Bg5 20. Bf2 Qc7 21. Rfd1 O-O 22.
Rab1 Ra6 23. Rb5 Rc8 24. c5 Nxc5 25. Bxc5 dxc5 26. Rd5 c4 27. Qxe5 Qa7+ 28. Kh1
Qf2 29. Rd1 Qxc2 30. Rbd5 c3 31. Bf1 Raa8 32. h4 Bxh4 33. R5d3 Bf6 34. Qg3 Qb2
35. e5 Bg5 36. e6 c2 37. exf7+ Kh8 38. Bg2 cxd1=Q+ 39. Rxd1 Rc1 40. Qf3 Rf8 41.
Qd5 Rxd1+ 42. Qxd1 Rxf7 43. Qd5 Qc1+ 44. Kh2 Bf4+ 45. Kh3 Qxa3+ 46. Bf3 Rf8 47.
Qe4 Qb4 48. Qc6 Be5 49. Qe6 Qf4 0-1

[Event "Mondiale Lampo FIDE 2022"]
[Site "Alma Ata"]
[Date "30.12.2022"]
[Round "14.9"]
[White "Anton Guijarro, David"]
[Black "Yu, Yangyi"]
[Result "1-0"]
[WhiteElo "2668"]
[BlackElo "2716"]
[PlyCount "67"]
[EventDate "2022.??.??"]

1. d4 Nf6 2. c4 e6 3. Bg5 h6 4. Bh4 d5 5. cxd5 exd5 6. Nc3 c6 7. e3 Be7 8. Bd3
O-O 9. Qc2 Re8 10. Nf3 Ne4 11. Bxe4 Bxh4 12. Bh7+ Kf8 13. O-O g6 14. Bxg6 fxg6
15. Qxg6 Re6 16. Qh7 Bf6 17. e4 Bg7 18. e5 Qe8 19. Qc2 Qg6 20. Qd2 Re8 21. Ne2
Na6 22. Nf4 Qf7 23. Nh4 Bf5 24. Rac1 Kg8 25. Rc3 Nc7 26. Rg3 Ne6 27. Ne2 Kh8
28. Rf3 Qh5 29. Nxf5 Ng5 30. Rf4 Ne4 31. Qe3 Rg8 32. Neg3 Nxg3 33. fxg3 Qg6 34.
Ne7 1-0

[Event "Mondiale Lampo FIDE 2022"]
[Site "Alma Ata"]
[Date "30.12.2022"]
[Round "14.10"]
[White "Shimanov, Aleksandr"]
[Black "Matlakov, Maxim"]
[Result "0-1"]
[WhiteElo "2581"]
[BlackElo "2662"]
[PlyCount "106"]
[EventDate "2022.??.??"]

1. d4 Nf6 2. Nc3 d5 3. Bf4 a6 4. e3 c5 5. dxc5 Nc6 6. a3 e5 7. Bg5 Be6 8. b4
Be7 9. Na4 O-O 10. Nf3 Ne4 11. Bxe7 Qxe7 12. Nd2 Nf6 13. Be2 Rad8 14. O-O d4
15. e4 Ne8 16. Nb6 Nc7 17. Bd3 Na7 18. Ndc4 f6 19. Nd6 Rxd6 20. cxd6 Qxd6 21.
Nc4 Qe7 22. f4 exf4 23. Rxf4 Nab5 24. Qh5 Nc3 25. Raf1 Bf7 26. Qh3 Ne6 27. Rh4
Ng5 28. Qg3 Ngxe4 29. Qe1 Re8 30. Nd2 f5 31. Nf3 Qf6 32. Qc1 g5 33. Nxg5 Nxg5
34. Rg4 h6 35. h4 Qe5 36. Rxg5+ hxg5 37. Qxg5+ Kf8 38. Rxf5 Qe3+ 39. Qxe3 dxe3
40. Kf1 Kg7 41. Ke1 Re7 42. h5 Be8 43. g4 b6 44. Rg5+ Kh8 45. h6 Bb5 46. Bf5
Re8 47. Bd3 Bxd3 48. cxd3 Rd8 49. Kf1 Rxd3 50. Re5 Rd1+ 51. Kg2 e2 52. g5 e1=Q
53. Rxe1 Rxe1 0-1

[Event "Mondiale Lampo FIDE 2022"]
[Site "Alma Ata"]
[Date "30.12.2022"]
[Round "14.11"]
[White "Dardha, Daniel"]
[Black "Sadhwani, Raunak"]
[Result "0-1"]
[WhiteElo "2609"]
[BlackElo "2628"]
[PlyCount "100"]
[EventDate "2022.??.??"]

1. d4 Nf6 2. c4 e6 3. Nc3 Bb4 4. e3 c5 5. a3 Bxc3+ 6. bxc3 Nc6 7. Bd3 b6 8. Nf3
d6 9. O-O O-O 10. e4 e5 11. h3 h6 12. Be3 Re8 13. d5 Ne7 14. Kh2 Rf8 15. g4 Nh7
16. Rg1 g5 17. a4 a5 18. Rg3 Ng6 19. Qd2 Bd7 20. Bc2 Re8 21. Ne1 Nf4 22. f3 Nf8
23. Bb3 N8g6 24. Nc2 Kg7 25. Bf2 h5 26. Ne3 hxg4 27. fxg4 Rh8 28. Nf5+ Bxf5 29.
gxf5 Nxh3 30. fxg6 Nxf2+ 31. Kg2 Nxe4 32. Qe3 Nxg3 33. Qxg3 f5 34. Bc2 g4 35.
Bxf5 Qg5 36. Bxg4 Raf8 37. Be2 Qxg3+ 38. Kxg3 Kxg6 39. Rb1 Rb8 40. Bd3+ Kg7 41.
Kg4 Rhf8 42. Rh1 Rf4+ 43. Kg5 Rh8 44. Rb1 Rh3 45. Be2 Rg3+ 46. Kh5 Rf2 47. Bg4
Rh2+ 48. Kg5 Rhg2 49. Rxb6 Rxg4+ 50. Kf5 Rg6 0-1

[Event "Mondiale Lampo FIDE 2022"]
[Site "Alma Ata"]
[Date "30.12.2022"]
[Round "14.12"]
[White "Grischuk, Alexander"]
[Black "Riazantsev, Alexander"]
[Result "1/2-1/2"]
[WhiteElo "2745"]
[BlackElo "2626"]
[PlyCount "139"]
[EventDate "2022.??.??"]

1. Nf3 d5 2. c4 e6 3. g3 Nf6 4. Bg2 Be7 5. O-O O-O 6. b3 d4 7. e3 c5 8. Ne5
Nfd7 9. exd4 cxd4 10. Nxd7 Nxd7 11. d3 a5 12. Ba3 Nc5 13. Qe2 Rb8 14. Bxc5 Bxc5
15. Nd2 Qe7 16. f4 Bd7 17. Ne4 Bb4 18. g4 f6 19. Kh1 b5 20. Rab1 a4 21. Qf2 Bc6
22. Qxd4 f5 23. Ng5 Bxg2+ 24. Kxg2 h6 25. Nf3 Rbd8 26. Qe3 Bc5 27. d4 fxg4 28.
dxc5 gxf3+ 29. Rxf3 bxc4 30. bxc4 Rc8 31. Rb5 Rf5 32. c6 Qd6 33. Qe4 Qxc6 34.
Qxc6 Rxc6 35. Rxf5 exf5 36. Rc3 Kf7 37. Kf3 g5 38. Ke3 Ke6 39. fxg5 hxg5 40.
Kd4 Rd6+ 41. Ke3 Ke5 42. c5 Rc6 43. Rc4 a3 44. Kf3 Kd5 45. Ra4 Rxc5 46. Rxa3
Ke5 47. h3 Rc1 48. Rb3 Rf1+ 49. Kg3 Rg1+ 50. Kf3 f4 51. Rb5+ Kf6 52. Kf2 Rc1
53. Rb3 Rc2+ 54. Kf3 Rh2 55. Kg4 Rxa2 56. h4 Rg2+ 57. Kh3 Rg1 58. Rb6+ Kf5 59.
Rb5+ Ke4 60. Rxg5 Rh1+ 61. Kg4 f3 62. Kg3 Ra1 63. Rb5 Rg1+ 64. Kf2 Rg2+ 65. Kf1
Rh2 66. Rb8 Kf4 67. Rf8+ Ke3 68. Re8+ Kf4 69. Rf8+ Ke3 70. Re8+ 1/2-1/2

[Event "Mondiale Lampo FIDE 2022"]
[Site "Alma Ata"]
[Date "30.12.2022"]
[Round "14.13"]
[White "Pantsulaia, Levan"]
[Black "Erigaisi Arjun"]
[Result "1/2-1/2"]
[WhiteElo "2597"]
[BlackElo "2718"]
[PlyCount "35"]
[EventDate "2022.??.??"]

1. e4 e5 2. Nf3 Nc6 3. Nc3 Nf6 4. h3 Bb4 5. Nd5 Nxd5 6. exd5 e4 7. dxc6 exf3 8.
Qxf3 dxc6 9. Bc4 O-O 10. O-O Qg5 11. c3 Bd6 12. d4 Qf5 13. Qxf5 Bxf5 14. Re1
Rfe8 15. Bd2 Kf8 16. Kf1 h6 17. Rxe8+ Rxe8 18. Re1 1/2-1/2

[Event "Mondiale Lampo FIDE 2022"]
[Site "Alma Ata"]
[Date "30.12.2022"]
[Round "14.14"]
[White "Jobava, Baadur"]
[Black "Mamedyarov, Shakhriyar"]
[Result "1-0"]
[WhiteElo "2578"]
[BlackElo "2741"]
[PlyCount "71"]
[EventDate "2022.??.??"]

1. d4 Nf6 2. Bg5 d5 3. e3 c5 4. Bxf6 gxf6 5. dxc5 Qa5+ 6. Nc3 e6 7. Qd4 Nc6 8.
Qxf6 Rg8 9. Nge2 Bg7 10. Qh4 Bd7 11. g3 Ne5 12. Bg2 Nc4 13. O-O Nxb2 14. Nxd5
exd5 15. Nf4 Qd8 16. Qxh7 Kf8 17. Bxd5 Rh8 18. Qe4 Na4 19. Bxb7 Nc3 20. Qf3 Rb8
21. Rad1 Qc7 22. Ng6+ Kg8 23. Ne7+ Kf8 24. Ng6+ Kg8 25. Nxh8 Rxb7 26. Rxd7 Qxd7
27. c6 Qc7 28. cxb7 Kxh8 29. Kg2 Be5 30. h4 Kg7 31. h5 Kh6 32. Rh1 f5 33. Rh4
a5 34. Qxf5 Qxb7+ 35. e4 Qg7 36. Rg4 1-0

[Event "Mondiale Lampo FIDE 2022"]
[Site "Alma Ata"]
[Date "30.12.2022"]
[Round "14.15"]
[White "Sarana, Alexey"]
[Black "Sanal, Vahap"]
[Result "1-0"]
[WhiteElo "2668"]
[BlackElo "2590"]
[PlyCount "119"]
[EventDate "2022.??.??"]

1. Nf3 d5 2. g3 g6 3. Bg2 Bg7 4. O-O e5 5. d3 Ne7 6. c4 c6 7. e4 O-O 8. b4 Nd7
9. Nbd2 b6 10. a4 Bb7 11. a5 Rb8 12. Ba3 Re8 13. Qc2 h6 14. Nb3 dxe4 15. dxe4
Nf8 16. Rfd1 Qc7 17. Bb2 c5 18. a6 Ba8 19. b5 Ne6 20. Re1 Rbc8 21. Rac1 Rcd8
22. Nfd2 Kh7 23. Nf1 Nd4 24. Nxd4 exd4 25. Qd3 Ng8 26. Nd2 Nf6 27. h3 Re7 28.
Re2 Rde8 29. Rce1 Nh5 30. Bc1 Nf6 31. f4 Nd7 32. e5 Bxg2 33. Kxg2 Kg8 34. Nf3
Qc8 35. Bd2 Qa8 36. Kh2 Nf8 37. g4 Nd7 38. h4 Kh8 39. Kg3 Nf8 40. f5 gxf5 41.
gxf5 f6 42. e6 Nh7 43. Kh3 Bf8 44. Rg1 Rg7 45. Rg6 Qc8 46. Reg2 Rxg6 47. Rxg6
Bg7 48. Qe4 Qc7 49. Bf4 Qe7 50. Ne1 Nf8 51. Rg3 Nd7 52. Nd3 Nf8 53. Qd5 Rd8 54.
Qf3 Qe8 55. Qb7 Nd7 56. exd7 Qe2 57. Qf3 Qc2 58. Qh5 Qxc4 59. Qg6 Rxd7 60. Qe8+
1-0

[Event "Mondiale Lampo FIDE 2022"]
[Site "Alma Ata"]
[Date "30.12.2022"]
[Round "14.16"]
[White "Nihal Sarin"]
[Black "Tsydypov, Zhamsaran"]
[Result "1/2-1/2"]
[WhiteElo "2670"]
[BlackElo "2534"]
[PlyCount "185"]
[EventDate "2022.??.??"]

1. Nf3 Nf6 2. g3 g6 3. b3 d5 4. c4 Bg7 5. Bb2 O-O 6. Bg2 Nc6 7. d3 d4 8. b4
Nxb4 9. Bxd4 c5 10. Bxc5 Nc6 11. Nbd2 Qa5 12. Bd4 Nxd4 13. Nxd4 Ng4 14. N4b3
Qf5 15. O-O Bxa1 16. Qxa1 Qe5 17. Qxe5 Nxe5 18. d4 Nc6 19. e3 Rb8 20. Rb1 Nd8
21. c5 b6 22. c6 Ne6 23. d5 Nc7 24. e4 Rd8 25. Nc4 b5 26. Ne3 a5 27. e5 a4 28.
Nc5 b4 29. Nxa4 Bf5 30. Rb2 Rb5 31. Bf1 Ra5 32. Nb6 Be4 33. Bc4 Kg7 34. Rxb4
Bf3 35. h3 h5 36. a4 Rc5 37. Kh2 f5 38. Nd7 Ra5 39. d6 exd6 40. exd6 Ne8 41. c7
Rc8 42. Nb6 Nxd6 43. Nxc8 Nxc8 44. Be6 Nd6 45. c8=Q Nxc8 46. Bxc8 Rc5 47. Bb7
Be2 48. Kg2 g5 49. Bf3 Bd3 50. Bxh5 f4 51. Nd1 Re5 52. Bf3 fxg3 53. Kxg3 Re1
54. Ne3 Rg1+ 55. Bg2 Kf6 56. Ng4+ Ke7 57. Rd4 Ba6 58. Rd5 Bb7 59. Ne3 Bxd5 60.
Nxd5+ Ke6 61. a5 Ra1 62. a6 Kd6 63. Kg4 Rxa6 64. Kxg5 Ra2 65. Nc3 Rc2 66. Ne4+
Ke5 67. f4+ Kd4 68. Bf3 Ke3 69. Kg4 Rc1 70. Bg2 Rg1 71. Kg3 Ra1 72. Nf6 Ra6 73.
Ng4+ Kd4 74. h4 Ra3+ 75. Bf3 Kc5 76. h5 Kd6 77. f5 Ke7 78. Kf4 Kf8 79. Bd5 Ra5
80. Be6 Kg7 81. h6+ Kh7 82. Kg5 Ra1 83. f6 Ra5+ 84. Bf5+ Kg8 85. Kg6 Ra7 86.
Be6+ Kh8 87. Ne5 Ra1 88. f7 Rg1+ 89. Kf6 Kh7 90. f8=Q Rf1+ 91. Nf3 Rxf3+ 92.
Bf5+ Rxf5+ 93. Kxf5 1/2-1/2

[Event "Mondiale Lampo FIDE 2022"]
[Site "Alma Ata"]
[Date "30.12.2022"]
[Round "14.17"]
[White "Abdusattorov, Nodirbek"]
[Black "Ponkratov, Pavel"]
[Result "0-1"]
[WhiteElo "2713"]
[BlackElo "2593"]
[PlyCount "99"]
[EventDate "2022.??.??"]

1. e4 e5 2. Nf3 Nc6 3. d4 exd4 4. Nxd4 Bc5 5. Nf5 g6 6. Ne3 Nf6 7. Nc3 d6 8.
Bd3 Ne5 9. O-O O-O 10. Be2 Re8 11. Kh1 Nc6 12. Bd3 Ne5 13. Be2 Nc6 14. f3 Be6
15. f4 Bd7 16. Bd3 Nb4 17. f5 c6 18. Qf3 Nxd3 19. cxd3 Nh5 20. Ng4 Kh8 21. Be3
Bxe3 22. Nxe3 Qg5 23. Rae1 gxf5 24. Nxf5 Bxf5 25. Qxf5 Qh4 26. Re3 Re5 27. Qxf7
Rg8 28. Rh3 Qg5 29. Qf3 Qd2 30. Qe2 Qxe2 31. Nxe2 d5 32. Nc3 d4 33. Ne2 c5 34.
Rhf3 h6 35. h3 Rd8 36. g4 Ng7 37. Ng3 b5 38. Rf6 Kh7 39. Rf7 Kg8 40. Rxa7 c4
41. Rff7 Ne6 42. Nf5 Ng5 43. Nxh6+ Kh8 44. Rfd7 Rxd7 45. Rxd7 c3 46. bxc3 dxc3
47. Rc7 b4 48. h4 Ne6 49. Rc6 Rc5 50. Nf7+ 0-1

[Event "Mondiale Lampo FIDE 2022"]
[Site "Alma Ata"]
[Date "30.12.2022"]
[Round "14.18"]
[White "Kobalia, Mikhail"]
[Black "Quparadze, Giga"]
[Result "1/2-1/2"]
[WhiteElo "2577"]
[BlackElo "2470"]
[PlyCount "112"]
[EventDate "2022.??.??"]

1. d4 Nf6 2. c4 e6 3. Nc3 d5 4. cxd5 exd5 5. Bf4 Bd6 6. Bxd6 Qxd6 7. e3 O-O 8.
Bd3 c5 9. dxc5 Qxc5 10. Nf3 Nc6 11. h3 Rd8 12. Nb5 Nb4 13. O-O Nxd3 14. Qxd3
Bd7 15. Nbd4 Qb6 16. Qb3 Qxb3 17. axb3 a6 18. Ne5 Be8 19. Rfc1 Rac8 20. f3 Kf8
21. Kf2 Nd7 22. Nd3 g6 23. g4 Ke7 24. h4 Nb6 25. Nc5 Rc7 26. Nd3 Rdc8 27. Rxc7+
Rxc7 28. g5 Nc8 29. Nf4 Kd6 30. Rd1 Ne7 31. h5 Bd7 32. Kg3 Be6 33. e4 Ke5 34.
Nfe2 Kd6 35. Nf4 Ke5 36. Nfe2 Kd6 37. Nc3 b5 38. hxg6 hxg6 39. Kf4 b4 40. exd5
Nxd5+ 41. Nxd5 Bxd5 42. Rd2 Rc1 43. Ke3 a5 44. Ne2 Re1 45. Kf2 Rh1 46. Ke3 Kc5
47. Nd4 Re1+ 48. Kf2 Re8 49. Rd3 Rh8 50. Kg3 Rh1 51. Rd2 Rb1 52. Kf4 Rh1 53.
Ke5 Re1+ 54. Kf4 Rb1 55. Ke5 Re1+ 56. Kf4 Rb1 1/2-1/2

[Event "Mondiale Lampo FIDE 2022"]
[Site "Alma Ata"]
[Date "30.12.2022"]
[Round "14.19"]
[White "Le, Tuan Minh"]
[Black "Mamedov, Rauf"]
[Result "1/2-1/2"]
[WhiteElo "2542"]
[BlackElo "2646"]
[PlyCount "111"]
[EventDate "2022.??.??"]

1. d4 Nf6 2. Nf3 d6 3. g3 g6 4. Bg2 Bg7 5. O-O O-O 6. Nc3 d5 7. Re1 Nbd7 8. e4
dxe4 9. Nxe4 Nxe4 10. Rxe4 c5 11. Re1 cxd4 12. Nxd4 Qb6 13. c3 e6 14. Nb3 e5
15. Be3 Qc7 16. Qd5 Nb6 17. Qc5 Qxc5 18. Bxc5 Rd8 19. Rad1 Rxd1 20. Rxd1 Bg4
21. Re1 Be6 22. Bxb7 Rb8 23. Bf3 Rc8 24. Bxb6 axb6 25. Rd1 Bf8 26. Nc1 b5 27.
a3 Kg7 28. Nd3 Bb3 29. Re1 f6 30. Nc1 Be6 31. Rd1 Bc5 32. Be2 Rb8 33. Nd3 Bf8
34. Nb4 Rb6 35. Kf1 Kf7 36. Rd8 Bh6 37. Ke1 e4 38. Rh8 Bc1 39. Rxh7+ Kf8 40.
Ra7 Bxb2 41. Kd2 Bb3 42. h4 Rd6+ 43. Ke3 f5 44. Kf4 Bxc3 45. Bxb5 Rd2 46. Kg5
Rxf2 47. Kxg6 Rf3 48. Nc6 Rxg3+ 49. Kxf5 e3 50. Ra8+ Kg7 51. Ra7+ Kh6 52. Ne5
Bxe5 53. Kxe5 e2 54. Bxe2 Re3+ 55. Kd4 Rxe2 56. a4 1/2-1/2

[Event "Mondiale Lampo FIDE 2022"]
[Site "Alma Ata"]
[Date "30.12.2022"]
[Round "14.20"]
[White "Yoo, Christopher Woojin"]
[Black "Asadli, Vugar"]
[Result "1/2-1/2"]
[WhiteElo "2573"]
[BlackElo "2567"]
[PlyCount "69"]
[EventDate "2022.??.??"]

1. e4 c5 2. Nf3 e6 3. g3 Nc6 4. Bg2 Nf6 5. Qe2 e5 6. O-O Be7 7. Nc3 O-O 8. Nd5
d6 9. c3 Bg4 10. h3 Bh5 11. d3 Nxd5 12. exd5 Nb8 13. Qc2 Nd7 14. a4 f5 15. Nd2
b6 16. Nc4 Nf6 17. f4 exf4 18. Bxf4 Bf7 19. Rae1 Bxd5 20. Rxe7 Qxe7 21. Bxd6
Qe6 22. Bxf8 Rxf8 23. Qf2 Bxg2 24. Kxg2 Nd5 25. Re1 Qd7 26. Qf3 f4 27. g4 Ne3+
28. Nxe3 fxe3 29. Qxe3 Qxa4 30. Re2 Qd1 31. Rf2 Rxf2+ 32. Kxf2 h6 33. Qe8+ Kh7
34. Qe4+ Kh8 35. Qe8+ 1/2-1/2

[Event "Mondiale Lampo FIDE 2022"]
[Site "Alma Ata"]
[Date "30.12.2022"]
[Round "14.21"]
[White "Indjic, Aleksandar"]
[Black "Moiseenko, Alexander"]
[Result "1-0"]
[WhiteTitle ""]
[BlackTitle ""]
[WhiteElo "2636"]
[BlackElo "2577"]
[WhiteFideId "911925"]
[BlackFideId "14102560"]
[EventDate "29.12.2022"]

1. e4 c5 2. Nc3 e6 3. Nge2 Nc6 4. g3 d5 5. exd5 exd5 6. Bg2 d4 7. Nb1 g6 8. d3
Bg7 9. a4 Nf6 10. O-O O-O 11. Bg5 h6 12. Bxf6 Bxf6 13. Na3 Na5 14. b3 Rb8 15.
Nc4 Nxc4 16. bxc4 b6 17. Nf4 a5 18. Bd5 Kg7 19. Qf3 Bd7 20. Bc6 Bxc6 21. Qxc6
Bg5 22. Nd5 Bd2 23. f4 Qc8 24. Qf6+ Kh7 25. f5 Bg5 26. fxg6+ fxg6 27. Qxf8 Qxf8
28. Rxf8 Rxf8 29. Rf1 Re8 30. h4 Be3+ 31. Kg2 Kg7 32. Nxb6 Rb8 33. Nd7 Rb2 34.
Nxc5 Rxc2+ 35. Kf3 Bd2 36. Ke4 Bc3 37. Ne6+ Kg8 38. c5 Bb4 39. Kd5 Rg2 40. c6
Rc2 41. c7 Be7 42. Rf4 g5 43. hxg5 hxg5 44. Rxd4 Kf7 45. Rc4 1-0